=LDR 00000nam 2200000 4500 =001 INLIS000000000011032 =005 20130612102634 =008 ***********************************Ind** =035 ##$$a0010-061300000011032 =041 ##$$a Ind =082 ##$$a 669.14 =090 ##$$a 667.146, Har-m =100 ##$$a Hartomo, Anton J =245 ##$$a Mengenal Pelapisan logam(elektroplating), anton J. hartomo, Tomijjiro Kaneko =260 ##$$a 1995 $b Yogyakarta =300 ##$$a v, 143 hlm, ilus, 21 cm =650 ##$$a Logam =650 ##$$a pelapisan =700 ##$$a Kaneko, Tomijiro =850 ##$$a NBPNMAT =990 ##$$a 21400613/BPAP-NTB/20142014